000 00629nam a2200241Ia 4500
003 OSt
005 20220918201308.0
006 a|||||r|||| 00| 0
007 ta
008 220917b |||||||| |||| 00| 0 eng d
024 _a92,966
037 _cTextual
040 _aARTS
_cARTS
_beng
041 _2eng
_aeng
082 _aV1N14, K2
100 _aAlington A F
_998008
245 0 _aLamps go out
_b 1914 and the outbreak of war
260 _aLondon
_bFaber and Faber UK
_c1962
300 _a140p
_ccm.
650 _aHISTORY
942 _hV1N14, K2
_cTEXL
_2CC
999 _c216614
_d216614